000 00684nam a2200229 a 4500
999 _c287
_d287
001 287
003 BD-JhCC
005 20171003170245.0
008 171003s2010 bg ||||| |||| 00| 0 ben d
020 _a9847011601250
035 _a(BD-JhCC) 287
040 _aBD-JhCC
_dBD-JhCC
041 _aben
082 _222
_a891.444
_bSHA 2010
100 _aশরীফ, ড. আহমেদ
245 _aবাউল ও সুফি সাহিত্য /
_cড. আহমেদ শরীফ
260 _aঢাকা :
_bঅণ্বেষা প্রকাশনী,
_c2010
300 _a157 p. :
_c21 cm.
650 _aBauls
_zIndia-West bengal
942 _2ddc
_cBK